00439nam a2200145Ia 4500008004100000020001800041041000800059082001600067100004200083245006500125250000600190260006100196300001300257650002300270210716s2006 xx 000 0 und d a9780070600911 aeng a658.83 COOD aCooper, Donald R;Schindler, Pamela S. aMarketing research: concepts and cases.bConcepts and cases. a1 aNew DelhibTata McGraw Hill Publishing Company Ltdc2006 axxii,771 aMarketing Research